<?xml version="1.0" encoding="UTF-8"?>
<record
    xmlns:xsi="http://www.w3.org/2001/XMLSchema-instance"
    xsi:schemaLocation="http://www.loc.gov/MARC21/slim http://www.loc.gov/standards/marcxml/schema/MARC21slim.xsd"
    xmlns="http://www.loc.gov/MARC21/slim">

  <leader>00539nam a22001817a 4500</leader>
  <controlfield tag="003">UA-OsUOA</controlfield>
  <controlfield tag="001"> 13256 </controlfield>
  <controlfield tag="007">ta</controlfield>
  <controlfield tag="008">20030423b un ||||| |||| 00| 0 ukr d</controlfield>
  <datafield tag="100" ind1=" " ind2=" ">
    <subfield code="a">&#x412;&#x43B;&#x430;&#x441;&#x44E;&#x43A; &#x41C;.</subfield>
  </datafield>
  <datafield tag="942" ind1=" " ind2=" ">
    <subfield code="c">SA</subfield>
  </datafield>
  <datafield tag="040" ind1=" " ind2=" ">
    <subfield code="a">UA-OsUOA</subfield>
    <subfield code="c">UA-OsUOA</subfield>
    <subfield code="d">UA-OsUOA</subfield>
  </datafield>
  <datafield tag="245" ind1=" " ind2=" ">
    <subfield code="a">&#x414;&#x43E;&#x43F;&#x43E;&#x43C;&#x430;&#x433;&#x430;&#x454;&#x43C;&#x43E; &#x442;&#x438;&#x43C;, &#x445;&#x442;&#x43E; &#x445;&#x43E;&#x447;&#x435; &#x43F;&#x440;&#x430;&#x446;&#x44E;&#x432;&#x430;&#x442;&#x438;</subfield>
    <subfield code="b">/&#x420;&#x43E;&#x437;&#x43C;&#x43E;&#x432;&#x443; &#x432;&#x456;&#x432; &#x41E;.&#x41B;&#x456;&#x444;&#x443;&#x43D;</subfield>
  </datafield>
  <datafield tag="300" ind1=" " ind2=" ">
    <subfield code="a">&#x421;.6</subfield>
  </datafield>
  <datafield tag="955" ind1=" " ind2=" ">
    <subfield code="a">0</subfield>
  </datafield>
  <datafield tag="773" ind1="0" ind2=" ">
    <subfield code="w">0</subfield>
    <subfield code="t">&#x41D;&#x43E;&#x432;&#x430; &#x412;&#x43E;&#x43B;&#x438;&#x43D;&#x44C;</subfield>
    <subfield code="d">&#x420;&#x456;&#x432;&#x43D;&#x435;</subfield>
    <subfield code="d">2003</subfield>
    <subfield code="g">&#x2116;16/17 &#x43A;&#x432;&#x456;&#x442;./</subfield>
  </datafield>
  <datafield tag="650" ind1=" " ind2="7">
    <subfield code="a">&#x417;&#x430;&#x439;&#x43D;&#x44F;&#x442;&#x456;&#x441;&#x442;&#x44C;</subfield>
    <subfield code="2">UDC</subfield>
  </datafield>
  <datafield tag="999" ind1=" " ind2=" ">
    <subfield code="c">299417</subfield>
    <subfield code="d">299417</subfield>
  </datafield>
</record>
